000 00279nam a2200121 a 4500
008 101022s1973|||| d
245 1 0 _aZázrak v rodine
100 1 _aLagner, František
041 _aslo
044 _axo
_cSK
020 _c21
260 _bTatran
_aBratislava
_c1973
999 _c12107
_d12107